ABOVE ALL A SHEPHERD POPE JOHN XXIII /

محفوظ في:
التفاصيل البيبلوغرافية
المؤلف الرئيسي: Groppi, Ugo (autor)
مؤلفون آخرون: Lombardi, Julius S. (autor) (autor)
التنسيق: كتاب
الموضوعات:
الوسوم: إضافة وسم
لا توجد وسوم, كن أول من يضع وسما على هذه التسجيلة!

MARC

LEADER 00000nam^a2200000^a^4500
001 000240703
005 20250521000000.0
009 20260310105147.34
035 |a 063217 
037 |a Acervo Xavier Clavigero 
082 |a 262. 13  |b GRO 
100 |a Groppi, Ugo  |e (autor) 
245 1 0 |a ABOVE ALL A SHEPHERD POPE JOHN XXIII /  |c UGO GROPPI, JULIUS S. LOMBARDI 
264 |a Nueva York, EUA :  |b P.J. KENEDY & SONS,  |c 1959 
300 |a 223 p. 
336 |a texto  |b txt  |2 rdacontenido 
337 |a sin mediación  |b n  |2 rdamedio 
338 |a volumen  |b nc  |2 rdasoporte 
649 |a XX 
650 |a Papas 
650 |a Iglesia Católica -  |x Historia -  |y Papa, 1958-1963 (Juan XXIII) 
650 |a Eclesiología 
700 |a Lombardi, Julius S.  |e (autor) 
910 |a Fondo General 
920 |a Impresos - Libros 
930 |a Colección General 
905 |a 101 
901 |a 063217  |b IT1  |c ACC  |i 063217  |u 20250521 
902 |a https://opac.biblio.iteso.mx/vufind/Record/000240703